Themed Themed General Knowledge Questions #3 - Statistics

General Stats
  • This quiz has been taken 25 times
  • The average score is 6 of 10
Answer Stats
Question Answer % Correct
What country had a famine of potatoes in the 1840's, causing mass starvation? Ireland
100%
Why type of pasta is primarily made of potato flour? Gnocchi
91%
Which of these is a common thing to make with potatoes in chemistry classes? Potato battery
77%
In Genesis, what did God forbid Adam and Eve from eating? Fruit from the Tree of Knowledge of Good and Evil
59%
What other root vegetable is the biologically the closest related to potatoes? Yam
59%
What country do 'french fries' come from? Belgium
55%
What’s a common reason potatoes and music are connected in Ireland? Folk music often tells stories of rural farming life
55%
In Lord of the Rings, which hobbit passionately describes how to cook potatoes? Sam
41%
A rope lying over the top of a fence is the same length on each side; it weighs one third of a pound per foot. On one end, hangs a monkey holding a potato; on the other end, hangs a weight equal to the weight of the monkey. The potato weighs two ounces per inch. The rope is as long (in feet) as the monkey is old (in years). The weight of the monkey (in ounces) is the same as the age of the monkey's mother (in years). The combined age of the monkey and it's mother is thirty years. One half the weight of the monkey, plus the weight of the potato, is one fourth as much as the weight of the weight and the weight of the rope. The monkey's mother is half as old as the monkey will be when it is three times as old as it's mother was when she was half as old as the monkey will be when it is as old as its mother will be when she is four times as old as the monkey was when it is twice as old as it's mother was when she was three times as old as the monkey was when it was one fourth as old as it is now. How long is the potato? Pause the quiz if you need to, or just guess. 5.75 inches long
14%
What country produces the most potatoes? China
14%
No matching quizzes found
Score Distribution
Percent of People with Each Score
Percentile by Number Answered
Your Score History
You have not taken this quiz